Gasto etiquetado para mujeres y la igualdad de gňero (GEMIG)...

Detalles Bibliográficos
Autor principal: Chargoy Valdš, Martha Araceli
Formato: eBook
Lenguaje:español
Publicado: Ciudad de Mx̌ico: Cm̀ara de Diputados, 2009
Materias:
Acceso en línea:Acceso restringido

MARC

LEADER 00000nam a22000007a 4500
005 20170902212638.0
007 cr|||| ||||
008 170902s2009 mx |||||s||||f00||0 spa d
035 |a 20463 
040 |a vLex 
090 |c 6887  |d 6887 
100 1 |a Chargoy Valdš, Martha Araceli 
245 1 0 |a Gasto etiquetado para mujeres y la igualdad de gňero (GEMIG)...  |h [Recurso electrn̤ico] /  |c Martha Araceli Chargoy Valdš 
256 |a Servicio en ln̕ea 
260 |a Ciudad de Mx̌ico:  |b Cm̀ara de Diputados,  |c 2009 
300 |a 1 recurso electrn̤ico 
500 |a en el proyecto de presupuesto de egresos de la federacin̤ (PPEF) 2010. 
506 1 |a Disponible solo en los productos indicados  |d vLex Global  |d vLex Global (Academic Edition, excluding Law Schools)  |d vLex Global (U.S. Academic Edition, Law Schools)  |d vLex Global (U.S. Academic Edition, excluding Law Schools)  |d vLex Global (Academic Edition, Law Schools) 
650 0 4 |a Derecho Fiscal  |z Mx̌ico 
740 0 |a vLex Libros (Servicio en ln̕ea) 
856 4 0 |u http://vlex.com/source/gasto-etiquetado-para-mujeres-y-la-igualdad-de-genero-gemig--20463  |z Acceso restringido 
942 |c BOOK 
999 0 |a Tax Law